00999nam a22002657a 4500003000900000005001700009007000300026008003200029020001900061040002500080082000700105100002800112245006600140260004800206300002200254490007300276490003000349500007100379590002900450830007900479830003700558942001400595952010700609999001700716DO-SdBNP20230301103448.0ta201127b 2013 dr 00| 0 eng d a9789993462958  aDO-SdBNPbspacBNPHU 42221 aZapata, César 97745810aSala de espera : btextos reunidos /cCésar Augusto Zapata. aSanto Domingo :bUniversitaria-UASD,c2013. a251 p. ;c22 cm. 1 aPublicaciones de la Universidad Autónoma de Santo Domingo ; v13811 aLiteratura y sociedadv82 aIncluye datos biográficos del autor en la solapa de la cubierta. aInventariado, 2020 /LP  0aPublicaciones de la Universidad Autónoma de Santo Domingo ;n1381977459 0aLiteratura y sociedadn82983153 2ddccLBS1 00102ddc51708PDaBNPHUbBNPHUcCTd2020-11-27eDonaciónp2021-1619r2020-11-27w2020-11-27yLBS1 c49218d49218